Normal view
MARC view
Entry Personal Name
001 - CONTROL NUMBER
- control field: 45748
003 - CONTROL NUMBER IDENTIFIER
- control field: ARRUPE
005 - DATE AND TIME OF LATEST TRANSACTION
- control field: 20190402144031.0
008 - FIXED-LENGTH DATA ELEMENTS
- fixed length control field: 190402|| aca||aabn | a|a d
040 ## - CATALOGING SOURCE
- Original cataloging agency: ARRUPE
- Transcribing agency: ARRUPE
100 ## - HEADING--PERSONAL NAME
- Personal name: Ferragne, Marcel
670 ## - SOURCE DATA FOUND
- Source citation: Work cat.: (ARRUPE): Ferragne, Marcel, Sa mort tragique a la mission St. Pierre Claver:, 1975